Interrelaciones entre invasores de tierras y propietarios en el Cuzco contemporáneo /

Detalles Bibliográficos
Autor Corporativo: Centro de Investigaciones Multidisciplinarias Ruasun
Formato: Analitica de revista
Lenguaje:español
Publicado: 2005

MARC

LEADER 00000cab a2200000 a 4500
001 041472
003 UAHC_CL
005 20170803124557.0
008 051213b xx j 000 1 spa
040 |a UAHC_CL  |c UAHC_CL  |d UAHC_CL 
245 1 0 |a Interrelaciones entre invasores de tierras y propietarios en el Cuzco contemporáneo /  |c Centro de Investigaciones Multidisciplinarias Ruasun. 
260 |c 2005 
300 |a p. 177-197 
710 1 |a Centro de Investigaciones Multidisciplinarias Ruasun. 
759 |a PP116 
773 0 |t Revista andina.  |w 041480 
900 |a REVISTA ANDINA-41/05 
942 |c REVA 
952 |0 0  |1 0  |4 0  |6 REVISTA_ANDINA41_05_000000000000000  |7 0  |8 General  |9 77819  |a BC  |b BC  |c General  |d 2017-08-03  |l 0  |o REVISTA ANDINA-41/05  |p FICTICIO7045  |r 2019-01-08 00:00:00  |t 1  |w 2017-08-03  |y REVA 
999 |c 41472  |d 41472